[Event "IV Festival Internacional DUCHAMP in RI"]
[Site "Hotel South American, Copacab"]
[Date "2022.12.12"]
[Round "7.11"]
[White "Uczai, Joao Pedro Filimber"]
[Black "Limp, Eduardo Thelio"]
[Result "0-1"]
[WhiteElo "2093"]
[BlackElo "2290"]
[Annotator "carev"]
[PlyCount "46"]
[EventDate "2022.12.07"]

{[%evp 0,46,16,28,46,39,39,36,43,54,54,53,77,59,52,35,98,98,69,70,51,46,60,57,
61,-25,-35,-37,-37,-37,-25,-25,-12,-31,-31,-10,-10,0,-23,-32,-37,-34,-76,-88,
-34,-239,-110,-104,-43]} 1. e4 c5 2. b3 Nf6 3. Nc3 d5 4. exd5 Nxd5 5. Bb2 Nxc3
6. Bxc3 Nc6 7. Qh5 g6 8. Qxc5 e5 9. Qe3 Bg7 10. Bb5 O-O 11. Bxc6 bxc6 12. Qc5
Bf5 13. Nf3 Qd5 14. Qxd5 cxd5 15. O-O d4 16. Bb4 Rfc8 17. c3 a5 18. Bd6 dxc3
19. dxc3 Bd3 20. Rfe1 e4 21. Ne5 Rxc3 22. Nxd3 exd3 23. Rad1 Rac8 0-1

[Event "IV Festival Internacional DUCHAMP in RI"]
[Site "Hotel South American, Copacab"]
[Date "2022.12.12"]
[Round "7.12"]
[White "Guimaraes, Diogo Duarte"]
[Black "Moura, Eduardo Eugenio Cha"]
[Result "1/2-1/2"]
[WhiteElo "2290"]
[BlackElo "2098"]
[PlyCount "58"]
[EventDate "2022.12.07"]

1. e4 d6 2. d4 Nf6 3. Nc3 g6 4. Nf3 Bg7 5. Be2 O-O 6. O-O a6 7. a4 Nc6 8. h3 e5
9. dxe5 dxe5 10. Be3 Be6 11. Ng5 Nd4 12. Nxe6 fxe6 13. Bc4 Qe8 14. f4 Qc6 15.
Bd3 Bh6 16. g4 Qc5 17. Ne2 Nd7 18. Nxd4 exd4 19. Bd2 g5 20. f5 Ne5 21. h4 Qe7
22. Qc1 Nxg4 23. hxg5 Ne3 24. Bxe3 dxe3 25. f6 Qc5 26. gxh6 Qg5+ 27. Kh2 Qh4+
28. Kg2 Qg4+ 29. Kh2 Qh4+ 1/2-1/2

[Event "IV Festival Internacional DUCHAMP in RI"]
[Site "Hotel South American, Copacab"]
[Date "2022.12.12"]
[Round "7.13"]
[White "Jordao Barbosa, Marcio"]
[Black "Terao, Juliana Sayumi"]
[Result "0-1"]
[WhiteElo "2054"]
[BlackElo "2240"]
[PlyCount "94"]
[EventDate "2022.12.07"]

1. e4 c5 2. Nf3 e6 3. d4 cxd4 4. Nxd4 a6 5. Bd3 Nf6 6. O-O Qc7 7. Qe2 d6 8. f4
Nbd7 9. c4 Be7 10. b3 b6 11. Bb2 Bb7 12. Nc3 g6 13. Rae1 O-O 14. Kh1 Rad8 15.
Nf3 Rfe8 16. Ng5 Nh5 17. Qg4 Ndf6 18. Qe2 h6 19. Nh3 Ng7 20. Nf2 h5 21. Bb1 Qc6
22. Nfd1 d5 23. e5 Ng4 24. cxd5 exd5 25. Nf2 Nh6 26. Rc1 Qe6 27. Bd3 b5 28.
Ncd1 d4 29. Ne4 Ngf5 30. Ndf2 Ne3 31. Rg1 Nd5 32. Nh3 Qg4 33. Qf2 Nf5 34. Be2
Qh4 35. Ng3 Nde3 36. Nxf5 Nxf5 37. Bf3 Qxf2 38. Nxf2 Bxf3 39. gxf3 d3 40. Ne4
Kf8 41. Bc3 Rc8 42. Bd2 Ba3 43. Rxc8 Rxc8 44. Bc3 b4 45. Bd2 Rc2 46. Rd1 Rxa2
47. Nc5 Nh4 0-1

[Event "IV Festival Internacional DUCHAMP in RI"]
[Site "Hotel South American, Copacab"]
[Date "2022.12.12"]
[Round "7.14"]
[White "Labussiere, Yago"]
[Black "Do Nascimento, Christian Almeida"]
[Result "1-0"]
[WhiteElo "2229"]
[BlackElo "2087"]
[PlyCount "75"]
[EventDate "2022.12.07"]

1. c4 g6 2. Nc3 c5 3. g3 Bg7 4. Bg2 Nf6 5. e4 O-O 6. Nge2 Nc6 7. O-O d6 8. d3
Bd7 9. h3 Rb8 10. Rb1 a6 11. a3 Ne8 12. b4 Nc7 13. Be3 Ne6 14. f4 Ned4 15. bxc5
dxc5 16. e5 Bf5 17. Ne4 Nxe2+ 18. Qxe2 Nd4 19. Qf2 Bxe4 20. Bxe4 b5 21. Bxd4
cxd4 22. c5 f6 23. exf6 Bxf6 24. Rbc1 Qc7 25. h4 Kh8 26. Qf3 b4 27. axb4 Rxb4
28. c6 Rb5 29. Qg4 a5 30. Rb1 Qb6 31. Rxb5 Qxb5 32. Rc1 Qb2 33. Rc4 Qa1+ 34.
Kh2 Rb8 35. c7 Rb2+ 36. Bg2 Qf1 37. c8=Q+ Kg7 38. Rc2 1-0

[Event "IV Festival Internacional DUCHAMP in RI"]
[Site "Hotel South American, Copacab"]
[Date "2022.12.12"]
[Round "7.15"]
[White "Silva, Kaua Marques"]
[Black "Dos Santos Junior, Haroldo Cunha"]
[Result "1-0"]
[WhiteElo "2199"]
[BlackElo "2072"]
[PlyCount "58"]
[EventDate "2022.12.07"]

1. e4 e5 2. Nf3 Nc6 3. Bc4 Bc5 4. c3 Qe7 5. d4 Bb6 6. Bg5 Nf6 7. O-O d6 8. Nbd2
h6 9. Bh4 Bg4 10. Qa4 O-O 11. Rfe1 a6 12. Bd5 Bd7 13. Qa3 Rfe8 14. Nc4 g5 15.
Bg3 exd4 16. Nxb6 cxb6 17. Bxd6 Qd8 18. Nxd4 Nxd5 19. exd5 Nxd4 20. cxd4 Qf6
21. Re5 Rac8 22. Rae1 Rxe5 23. Bxe5 Qf5 24. Qd6 Rc2 25. Rf1 Kh7 26. Qf8 Kg6 27.
Qg7+ Kh5 28. h3 Qg6 29. g4+ Kh4 1-0

[Event "IV Festival Internacional DUCHAMP in RI"]
[Site "Hotel South American, Copacab"]
[Date "2022.12.12"]
[Round "7.16"]
[White "|_, Dirceu"]
[Black "Campos, Alexandre Ferreira"]
[Result "1/2-1/2"]
[WhiteElo "2199"]
[BlackElo "2034"]
[PlyCount "135"]
[EventDate "2022.12.07"]

1. Nf3 Nf6 2. c4 c5 3. b3 g6 4. Bb2 Bg7 5. g3 Nc6 6. Bg2 d6 7. O-O e5 8. Nc3
O-O 9. d3 h6 10. a3 Be6 11. Rc1 Qd7 12. Nd2 Bh3 13. Nde4 Ne8 14. Nd5 Bxg2 15.
Kxg2 f5 16. Nec3 f4 17. Ne4 Nc7 18. Nxc7 Qxc7 19. b4 b6 20. Bc3 Rf7 21. bxc5
dxc5 22. f3 fxg3 23. hxg3 Ne7 24. Qd2 Rd8 25. Qb2 Nf5 26. Kf2 Nd6 27. Nxd6 Qxd6
28. a4 Qe6 29. Kg2 g5 30. Qd2 Qc6 31. a5 g4 32. Qe3 gxf3+ 33. Rxf3 Rdf8 34. Qe4
Qxe4 35. dxe4 Rd7 36. Rxf8+ Kxf8 37. a6 Ke7 38. Kf3 Ke6 39. Kg4 Bf6 40. Rb1 Bg5
41. Rf1 Rg7 42. Kh5 Bf6 43. Rf3 Bg5 44. Rf8 Be7 45. Rf3 Bg5 46. g4 Be7 47. Bd2
Bg5 48. Bc3 Bf6 49. Rf5 Rg5+ 50. Rxg5 Bxg5 51. Kg6 Be3 52. Be1 Bf4 53. Bh4 Kd6
54. Kf5 Be3 55. Bf6 Bf4 56. Bg7 Kc6 57. Bxe5 Bxe5 58. Kxe5 b5 59. cxb5+ Kxb5
60. Kf6 c4 61. e5 c3 62. e6 c2 63. e7 c1=Q 64. e8=Q+ Kxa6 65. Qa4+ Kb6 66. Qb4+
Kc6 67. Qe4+ Kb6 68. Qb4+ 1/2-1/2

[Event "IV Festival Internacional DUCHAMP in RI"]
[Site "Hotel South American, Copacab"]
[Date "2022.12.12"]
[Round "7.17"]
[White "Okamura, Milton Kasuo"]
[Black "Librelato, Kathie Goulart"]
[Result "0-1"]
[WhiteElo "1964"]
[BlackElo "2194"]
[PlyCount "81"]
[EventDate "2022.12.07"]

1. d4 Nf6 2. c4 g6 3. Nc3 Bg7 4. e4 d6 5. Nf3 O-O 6. Be2 Na6 7. O-O e5 8. Be3
Ng4 9. Bg5 Qe8 10. dxe5 dxe5 11. h3 Nf6 12. Be3 Qe7 13. a3 Nc5 14. Qc2 c6 15.
b4 Ne6 16. Rfd1 Nh5 17. c5 Nhf4 18. Rd6 Nxe2+ 19. Nxe2 Nc7 20. Nc3 f6 21. Rad1
Be6 22. a4 Ne8 23. R6d2 h6 24. Ne1 f5 25. f3 Qh4 26. b5 Bf6 27. Qb1 Rf7 28. a5
cxb5 29. Qxb5 Rc8 30. Qb1 Bd8 31. Qb5 Nc7 32. Qa4 Qe7 33. Nd3 Bd7 34. Qb3 Bc6
35. Nd5 Qe6 36. N3b4 Nb5 37. Qb2 Bxa5 38. Bxh6 Bxd5 39. exd5 Qf6 40. Be3 e4 41.
fxe4 0-1

[Event "IV Festival Internacional DUCHAMP in RI"]
[Site "Hotel South American, Copacab"]
[Date "2022.12.12"]
[Round "7.19"]
[White "Federzoni, Enzo"]
[Black "Meza, Anahi"]
[Result "0-1"]
[WhiteElo "2177"]
[BlackElo "1965"]
[PlyCount "78"]
[EventDate "2022.12.07"]

1. e4 c5 2. Nf3 Nc6 3. d4 cxd4 4. Nxd4 g6 5. c4 Bg7 6. Be3 Nf6 7. Nc3 d6 8. Be2
O-O 9. O-O Bd7 10. h3 Nxd4 11. Bxd4 Bc6 12. Qc2 a5 13. Rad1 a4 14. c5 Qa5 15.
cxd6 exd6 16. f4 a3 17. b3 Rac8 18. Qd3 Rfe8 19. Bf3 Nh5 20. Bg4 Rcd8 21. f5
Bxd4+ 22. Qxd4 Ng3 23. Rfe1 gxf5 24. b4 Qe5 25. Qxe5 Rxe5 26. exf5 Rde8 27.
Rxe5 Rxe5 28. f6 h5 29. Kf2 hxg4 30. Kxg3 Re3+ 31. Kxg4 Rxc3 32. Rxd6 Kh7 33.
Kf5 Bxg2 34. h4 Rc4 35. Rd2 Bh3+ 36. Ke5 Rxh4 37. Rd3 Be6 38. Rxa3 Rxb4 39. Kd6
Kg6 0-1

[Event "IV Festival Internacional DUCHAMP in RI"]
[Site "Hotel South American, Copacab"]
[Date "2022.12.12"]
[Round "7.20"]
[White "Becker, Rogerio Sperb"]
[Black "Feller, Gabriela Luisa Vice"]
[Result "1-0"]
[WhiteElo "2135"]
[BlackElo "1907"]
[PlyCount "121"]
[EventDate "2022.12.07"]

1. d4 c6 2. c4 d5 3. cxd5 cxd5 4. Nf3 Nf6 5. Nc3 Nc6 6. Ne5 e6 7. f4 Bb4 8. Qd3
Bd7 9. Bd2 Rc8 10. Nxd7 Qxd7 11. e3 O-O 12. Be2 Bxc3 13. Bxc3 Ne4 14. Bd2 Qe7
15. O-O Nb4 16. Bxb4 Qxb4 17. Rab1 Rc6 18. a3 Qa5 19. Rbc1 Rfc8 20. Rxc6 Rxc6
21. f5 exf5 22. Rxf5 Rc1+ 23. Rf1 Rxf1+ 24. Bxf1 Qe1 25. Qe2 Qc1 26. g3 Kf8 27.
Kg2 Nd2 28. Kf2 Nxf1 29. Qxf1 Qxb2+ 30. Kf3 a6 31. Qh3 Qc2 32. Qd7 Qe4+ 33. Kf2
g6 34. Qxb7 Qc2+ 35. Kf3 Qd1+ 36. Kf4 Qf1+ 37. Ke5 Qf5+ 38. Kd6 Qe6+ 39. Kc5
Qxe3 40. Qb8+ Ke7 41. Qd6+ Ke8 42. Qe5+ Qxe5 43. dxe5 d4 44. Kxd4 Kd7 45. Kd5
g5 46. g4 h6 47. a4 a5 48. Kc5 Ke6 49. Kb5 Kxe5 50. Kxa5 Kf4 51. h3 Kg3 52. Kb4
Kxh3 53. a5 Kxg4 54. a6 f5 55. a7 f4 56. a8=Q f3 57. Kc3 Kg3 58. Kd2 h5 59. Ke3
g4 60. Qb8+ Kg2 61. Qb2+ 1-0

[Event "IV Festival Internacional DUCHAMP in RI"]
[Site "Hotel South American, Copacab"]
[Date "2022.12.12"]
[Round "7.21"]
[White "Silva, Caio Henrique Angel"]
[Black "Fonseca, Luis Ernesto Serra "]
[Result "1/2-1/2"]
[WhiteElo "2090"]
[BlackElo "1953"]
[PlyCount "104"]
[EventDate "2022.12.07"]

1. d4 Nf6 2. Nf3 e6 3. g3 b5 4. Bg2 Bb7 5. a4 b4 6. c4 c5 7. d5 exd5 8. Nh4 Be7
9. cxd5 d6 10. Nf5 O-O 11. O-O Re8 12. Nxe7+ Qxe7 13. e4 Nbd7 14. Re1 a5 15.
Nd2 Nb6 16. Nf3 Nfd7 17. Bf4 f6 18. h4 Ne5 19. h5 Bc8 20. Bxe5 fxe5 21. Nh4 Qg5
22. Bf3 c4 23. Qe2 Bd7 24. Kg2 Rec8 25. Rec1 Rc5 26. Nf5 Bxf5 27. exf5 Qxf5 28.
Be4 Qg5 29. Qc2 h6 30. Qe2 Rac8 31. Qf3 Rf8 32. Bh7+ Kxh7 33. Qxf8 Qf6 34. Qe8
Nxd5 35. Rd1 c3 36. bxc3 Nxc3 37. Rd3 e4 38. Re1 Re5 39. Qg6+ Qxg6 40. hxg6+
Kxg6 41. Rxd6+ Kf7 42. Rc1 Nxa4 43. Rc7+ Kg8 44. Rd8+ Kh7 45. Rdd7 Rg5 46. f4
exf3+ 47. Kxf3 Nc3 48. Rb7 h5 49. Rd4 Kh6 50. Rd6+ Kh7 51. Rd4 Kh6 52. Rd6+ Kh7
1/2-1/2

[Event "IV Festival Internacional DUCHAMP in RI"]
[Site "Hotel South American, Copacab"]
[Date "2022.12.12"]
[Round "7.22"]
[White "Lima, Stefan Moisei Vieir"]
[Black "Ramos, Angelo Bil"]
[Result "1-0"]
[WhiteElo "2076"]
[BlackElo "1912"]
[PlyCount "94"]
[EventDate "2022.12.07"]

1. e4 e5 2. Bc4 Nf6 3. d3 c6 4. Nf3 d5 5. Bb3 Bg4 6. h3 Bh5 7. exd5 Bxf3 8.
Qxf3 cxd5 9. Bg5 e4 10. Qe2 Be7 11. dxe4 O-O 12. O-O dxe4 13. Nc3 Nc6 14. Rad1
Qa5 15. Nd5 Nxd5 16. Rxd5 Qc7 17. Qxe4 Bxg5 18. Rxg5 Rae8 19. Qg4 g6 20. Rd5
Re7 21. Rfd1 Rfe8 22. Qg3 Qxg3 23. fxg3 Re1+ 24. Rxe1 Rxe1+ 25. Kf2 Re7 26. g4
h6 27. Rd6 Kg7 28. Bd5 Nb4 29. Bb3 Nc6 30. Ba4 Ne5 31. Rd4 g5 32. b4 b6 33. c4
Rc7 34. Bb5 Kf6 35. Ke3 Ke6 36. Ke4 Ng6 37. g3 Ne7 38. a4 Nc8 39. Rd5 Ne7 40.
Re5+ Kf6 41. c5 Ng6 42. Rf5+ Ke7 43. Rd5 f6 44. Kf5 Ne5 45. Rd6 bxc5 46. Re6+
Kf8 47. Rxf6+ Nf7 1-0

[Event "IV Festival Internacional DUCHAMP in RI"]
[Site "Hotel South American, Copacab"]
[Date "2022.12.12"]
[Round "7.23"]
[White "Cezar Junior, William Carlos"]
[Black "De Souza Monteiro, Marcos Paulo"]
[Result "1-0"]
[WhiteElo "2023"]
[BlackElo "1885"]
[PlyCount "45"]
[EventDate "2022.12.07"]

1. c4 c6 2. g3 d5 3. Bg2 Nf6 4. Nf3 Bf5 5. cxd5 cxd5 6. Qb3 Qc8 7. Nc3 e6 8. d3
Nc6 9. Bg5 Be7 10. Rc1 O-O 11. O-O Qd7 12. e4 Bg4 13. Bxf6 Bxf6 14. exd5 Bxf3
15. Bxf3 Nd4 16. Qd1 Nxf3+ 17. Qxf3 Bxc3 18. Rxc3 Qxd5 19. Qxd5 exd5 20. Rc5
Rfd8 21. Rc7 Rab8 22. Re1 Re8 23. Ree7 1-0

[Event "IV Festival Internacional DUCHAMP in RI"]
[Site "Hotel South American, Copacab"]
[Date "2022.12.12"]
[Round "7.24"]
[White "Tamarozi, Isabelle"]
[Black "De Sa, Sidney Loyola"]
[Result "1/2-1/2"]
[WhiteElo "2005"]
[BlackElo "1833"]
[PlyCount "113"]
[EventDate "2022.12.07"]

1. e4 c5 2. Nf3 Nc6 3. Bb5 g6 4. Bxc6 dxc6 5. d3 Bg7 6. h3 Qc7 7. Nc3 e5 8. Be3
b6 9. Qd2 h6 10. O-O-O Be6 11. Kb1 O-O-O 12. Qe2 Ne7 13. Rde1 Kb7 14. Na4 Ka8
15. b3 Nc8 16. g4 Nd6 17. g5 Nb5 18. gxh6 Bxh6 19. Bxh6 Rxh6 20. Ng5 Bc8 21.
Qf3 Rf8 22. Qf6 Rhh8 23. Re3 Rh5 24. Rg3 Qd6 25. Qg7 Qe7 26. Nh7 Rxh7 27. Qxh7
Qf6 28. Qh6 Rh8 29. Qe3 Nd4 30. Rf1 Rh4 31. Qg5 Qxg5 32. Rxg5 Nf3 33. Rgg1 Nd2+
34. Kc1 Nxf1 35. Rxf1 Bxh3 36. Rh1 g5 37. Kd2 Bg2 38. Rg1 Rh2 39. Nb2 f6 40.
Nc4 Bf3 41. Ke3 Bh5 42. Nd6 Kb8 43. Nf5 Kc7 44. Ng3 Rh3 45. Kd2 Bg6 46. a4 a5
47. Ra1 Rh2 48. Ke3 Rh3 49. Kd2 Bf7 50. Ke3 Be6 51. Kf3 Rh2 52. Nf1 Rh4 53. Ng3
Bg4+ 54. Kg2 Rh8 55. f3 Bh3+ 56. Kf2 Be6 57. Kg2 1/2-1/2

[Event "IV Festival Internacional DUCHAMP in RI"]
[Site "Hotel South American, Copacab"]
[Date "2022.12.12"]
[Round "7.25"]
[White "Bezerra, Natacio Goncalves"]
[Black "Senger, Maria Clara Da Silv"]
[Result "1-0"]
[WhiteElo "1988"]
[BlackElo "1537"]
[PlyCount "120"]
[EventDate "2022.12.07"]

1. e4 e5 2. Nf3 Nc6 3. Bc4 Nf6 4. d3 Bc5 5. O-O d6 6. c3 O-O 7. Re1 Bb6 8. Nbd2
Be6 9. Bb3 Qd7 10. Nf1 Rae8 11. Ba4 Rd8 12. Bg5 h6 13. Bh4 Qc8 14. Qc1 Kh7 15.
Bc2 Bg4 16. N1d2 Rg8 17. h3 Bd7 18. d4 Rde8 19. Bg3 g5 20. b4 g4 21. hxg4 Nxg4
22. Nc4 f6 23. Nxb6 axb6 24. Qd2 Rg7 25. Rad1 h5 26. Nh4 Nh6 27. Rb1 Reg8 28.
Bb3 Rf8 29. a4 Ne7 30. c4 Ng6 31. Nxg6 Rxg6 32. Bd1 Ng4 33. Bf3 Rfg8 34. c5 Be6
35. cxd6 cxd6 36. Rbc1 Qd7 37. Qc3 R8g7 38. b5 Rh6 39. d5 Bg8 40. Qc8 Qf7 41.
Qf5+ Kh8 42. Bh4 Rgg6 43. Rc8 Rg7 44. Rec1 Qg6 45. Qxg6 Rhxg6 46. R1c7 Kh7 47.
Rxg7+ Rxg7 48. Bxg4 hxg4 49. Bxf6 Rd7 50. Bd8 Bf7 51. Rc7 Be8 52. Rxd7+ Bxd7
53. Bxb6 Kg6 54. Bc7 Kg5 55. g3 Be8 56. Bxd6 Kf6 57. Kg2 Bd7 58. f3 Bc8 59. a5
Kf7 60. Bxe5 Ke7 1-0

[Event "IV Festival Internacional DUCHAMP in RI"]
[Site "Hotel South American, Copacab"]
[Date "2022.12.12"]
[Round "7.26"]
[White "Backes, Jorge Henrique"]
[Black "Cordero, Daniela"]
[Result "0-1"]
[WhiteElo "1905"]
[BlackElo "1967"]
[PlyCount "60"]
[EventDate "2022.12.07"]

1. c4 e5 2. Nc3 Bb4 3. Nd5 Be7 4. Nf3 c6 5. Nxe7 Qxe7 6. d3 d5 7. e3 Nf6 8. Be2
O-O 9. O-O e4 10. Nd4 c5 11. Nb5 exd3 12. Bxd3 dxc4 13. Bxc4 Rd8 14. Qc2 a6 15.
Nc3 b5 16. Be2 Bb7 17. Bd2 Nc6 18. Rad1 Ne5 19. f3 c4 20. Bc1 h6 21. a3 Qc5 22.
Kh1 a5 23. Rxd8+ Rxd8 24. Rd1 Rc8 25. a4 b4 26. Nb5 Bc6 27. f4 Neg4 28. Bxc4
Qh5 29. Bxf7+ Kxf7 30. h3 Qxh3+ 0-1

[Event "IV Festival Internacional DUCHAMP in RI"]
[Site "Hotel South American, Copacab"]
[Date "2022.12.12"]
[Round "7.27"]
[White "Menezes, Grasielle Da Silv"]
[Black "Soares, Joao Carlos T. C."]
[Result "1/2-1/2"]
[WhiteElo "1793"]
[BlackElo "2090"]
[PlyCount "102"]
[EventDate "2022.12.07"]

1. d4 f5 2. c4 Nf6 3. Nc3 g6 4. Nf3 Bg7 5. e3 d6 6. Be2 O-O 7. O-O c6 8. Qc2
Qc7 9. b4 a5 10. b5 e5 11. Rb1 e4 12. Nd2 Be6 13. f3 exf3 14. Nxf3 Kh8 15. Bd3
Qe7 16. Bd2 Nbd7 17. bxc6 bxc6 18. Rb7 Bg8 19. e4 fxe4 20. Nxe4 Rfb8 21. Rfb1
Rxb7 22. Rxb7 Rb8 23. Rxb8 Nxb8 24. Nxf6 Bxf6 25. Bxa5 Qe3+ 26. Kf1 Nd7 27. Bd2
Qe6 28. Bf4 Nb6 29. c5 Nd5 30. Bd2 dxc5 31. dxc5 Ne3+ 32. Bxe3 Qxe3 33. a4 Bd5
34. Be2 Bb3 35. Qb1 g5 36. h3 h5 37. Qf5 Kg7 38. a5 Be6 39. Qd3 Qc1+ 40. Ne1
Qxc5 41. a6 g4 42. hxg4 hxg4 43. Qg3 Be5 44. Qh4 Qe3 45. Qe7+ Bf7 46. a7 Qf4+
47. Nf3 Qc1+ 48. Ne1 Bg3 49. Qb4 Bxe1 50. Qxe1 Qf4+ 51. Qf2 Qc1+ 1/2-1/2

[Event "IV Festival Internacional DUCHAMP in RI"]
[Site "Hotel South American, Copacab"]
[Date "2022.12.12"]
[Round "7.28"]
[White "Lage, Pedro Ferreira"]
[Black "Lopes, Eduardo Moraes"]
[Result "1-0"]
[WhiteElo "2078"]
[BlackElo "1744"]
[PlyCount "67"]
[EventDate "2022.12.07"]

1. e4 e6 2. d4 d5 3. Nd2 dxe4 4. Nxe4 Nd7 5. Nf3 Ngf6 6. Nxf6+ Nxf6 7. Bd3 c5
8. Be3 Qc7 9. c3 Be7 10. O-O O-O 11. dxc5 Bxc5 12. Bxc5 Qxc5 13. Qe2 b6 14.
Rfe1 Bb7 15. Ne5 Qd5 16. f3 Rfd8 17. Rad1 Qc5+ 18. Kh1 Qe7 19. Qf2 Nd7 20. Nc4
Nc5 21. Bc2 Rxd1 22. Rxd1 Rd8 23. b4 Rxd1+ 24. Bxd1 Nd3 25. Qd4 Ne1 26. Qe5 Nd3
27. Qd4 Ne1 28. Qe3 Qh4 29. Nb2 h5 30. g3 Qf6 31. Be2 g5 32. g4 Qg6 33. Nd3 Qh6
34. Kg1 1-0

[Event "IV Festival Internacional DUCHAMP in RI"]
[Site "Hotel South American, Copacab"]
[Date "2022.12.12"]
[Round "7.29"]
[White "Nunes, Agatha Hurba"]
[Black "Rothebarth, Ana Vitoria De Paul"]
[Result "1-0"]
[WhiteElo "1820"]
[BlackElo "1987"]
[PlyCount "67"]
[EventDate "2022.12.07"]

1. d4 Nf6 2. c4 e6 3. Nf3 b6 4. a3 Ba6 5. e3 d5 6. Nbd2 Be7 7. b4 dxc4 8. Bxc4
Bxc4 9. Nxc4 Qd5 10. Qe2 O-O 11. O-O Nc6 12. Ncd2 a5 13. b5 Na7 14. a4 c6 15.
e4 Qh5 16. bxc6 Nxc6 17. Nc4 Rab8 18. Bf4 Rb7 19. Rab1 Nb4 20. Nd6 Rd7 21. Nb5
Ne8 22. Rfc1 h6 23. Rc8 Qg4 24. Qe3 Rb7 25. h3 Qh5 26. Rbc1 f6 27. Ra8 f5 28.
Qb3 Qf7 29. Ne5 Qf6 30. Rcc8 fxe4 31. Rxe8 Qxf4 32. Qxe6+ Kh8 33. Rxf8+ Bxf8
34. Ng6+ 1-0

[Event "IV Festival Internacional DUCHAMP in RI"]
[Site "Hotel South American, Copacab"]
[Date "2022.12.12"]
[Round "7.30"]
[White "De Albuquerque, Ian Telek C."]
[Black "Maia, Erick De Figueiredo"]
[Result "1-0"]
[WhiteElo "1986"]
[BlackElo "1727"]
[PlyCount "55"]
[EventDate "2022.12.07"]

1. e4 e5 2. Nc3 Nc6 3. Bc4 Nf6 4. d3 d6 5. Nge2 Na5 6. O-O Nxc4 7. dxc4 Be6 8.
Qd3 Be7 9. b3 Nd7 10. Nd5 Bf8 11. Qg3 h5 12. f4 h4 13. Qf2 Nc5 14. Nec3 c6 15.
f5 Bd7 16. Ne3 Be7 17. a4 a5 18. Ba3 Na6 19. Rad1 Qc7 20. f6 gxf6 21. Bxd6 Qd8
22. Bxe5 Rh6 23. Nf5 Bxf5 24. Rxd8+ Rxd8 25. Bf4 Rh5 26. exf5 Rxf5 27. Qe2 Nc5
28. Qg4 1-0

[Event "IV Festival Internacional DUCHAMP in RI"]
[Site "Hotel South American, Copacab"]
[Date "2022.12.12"]
[Round "7.31"]
[White "Frankental, David"]
[Black "Mesquita, Arnaldo Leite"]
[Result "0-1"]
[WhiteElo "1947"]
[BlackElo "1732"]
[PlyCount "44"]
[EventDate "2022.12.07"]

1. d4 Nf6 2. c4 e6 3. Nf3 c5 4. e3 d5 5. cxd5 Nxd5 6. Nc3 Nxc3 7. bxc3 Be7 8.
Bb5+ Bd7 9. Bxd7+ Nxd7 10. O-O O-O 11. e4 Nf6 12. e5 Nd5 13. Qd3 cxd4 14. cxd4
f5 15. exf6 Bxf6 16. Qb3 Qb6 17. Qxb6 axb6 18. Re1 Rfe8 19. Bd2 Ra4 20. Re4 Kf7
21. Bf4 Rea8 22. Be5 Rxa2 0-1

[Event "IV Festival Internacional DUCHAMP in RI"]
[Site "Hotel South American, Copacab"]
[Date "2022.12.12"]
[Round "7.32"]
[White "Bucci, Andrea Vidigal"]
[Black "Nejanky, Maisa"]
[Result "0-1"]
[WhiteElo "1747"]
[BlackElo "1929"]
[PlyCount "46"]
[EventDate "2022.12.07"]

1. e4 c5 2. Nf3 d6 3. d4 cxd4 4. Nxd4 Nf6 5. Nc3 Nc6 6. Bg5 e6 7. Bxf6 gxf6 8.
Qd2 h5 9. Bb5 Bd7 10. a3 Qb6 11. Nb3 a6 12. Be2 h4 13. Na4 Qa7 14. O-O-O b5 15.
Nc3 Qxf2 16. Kb1 Be7 17. g3 Qb6 18. Bg4 Ne5 19. Nd5 exd5 20. Bxd7+ Kxd7 21.
Qxd5 Rac8 22. Nd4 Rc5 23. Qb3 hxg3 0-1

[Event "IV Festival Internacional DUCHAMP in RI"]
[Site "Hotel South American, Copacab"]
[Date "2022.12.12"]
[Round "7.33"]
[White "De Almeida, Roberto A. Ferreira"]
[Black "Felizes, Paulo"]
[Result "0-1"]
[WhiteElo "1713"]
[BlackElo "1916"]
[PlyCount "130"]
[EventDate "2022.12.07"]

1. Nf3 Nc6 2. d4 d5 3. Bf4 Bg4 4. Ne5 Nxe5 5. dxe5 e6 6. c3 Bc5 7. Bg3 c6 8.
Qa4 h5 9. h3 Bf5 10. Nd2 h4 11. Nb3 hxg3 12. Nxc5 gxf2+ 13. Kxf2 Nh6 14. Rg1
O-O 15. e3 f6 16. g4 b5 17. Qd1 fxe5 18. gxf5 Qh4+ 19. Kg2 Rxf5 20. Qe1 Qe7 21.
b4 Raf8 22. Nd3 e4 23. Nf4 Qf6 24. Be2 e5 25. Nh5 Rf2+ 26. Kh1 Qh4 27. Rxg7+
Kh8 28. Rg3 d4 29. cxd4 exd4 30. exd4 e3 31. Rxe3 Qxd4 32. Qc3 Qxc3 33. Rxc3
Rxe2 34. Rxc6 Ng8 35. Rg1 Rff2 36. Rgc1 Rh2+ 37. Kg1 Reg2+ 38. Kf1 Rxa2 39. Ng3
Raf2+ 40. Ke1 Rfg2 41. R6c3 Rxh3 42. Kf1 Rgxg3 43. Rxg3 Rxg3 44. Ra1 Rb3 45.
Rxa7 Rxb4 46. Ke2 Rd4 47. Ke3 Rd5 48. Ke4 Nf6+ 49. Ke3 Kg8 50. Rb7 Kf8 51. Rc7
Ke8 52. Rb7 Nd7 53. Ke4 Rh5 54. Kd4 Ke7 55. Ra7 Kd6 56. Kc3 Kc6 57. Ra6+ Nb6
58. Kb4 Rh4+ 59. Kb3 Kc5 60. Ra7 Rh3+ 61. Kc2 Kb4 62. Rb7 Nc4 63. Rd7 Rh2+ 64.
Kc1 Kc3 65. Rd1 b4 0-1

[Event "IV Festival Internacional DUCHAMP in RI"]
[Site "Hotel South American, Copacab"]
[Date "2022.12.12"]
[Round "7.34"]
[White "Martins De Aguiar, Marina"]
[Black "Gomes, Genildo De Souza"]
[Result "1/2-1/2"]
[WhiteElo "1877"]
[BlackElo "1651"]
[PlyCount "62"]
[EventDate "2022.12.07"]

1. e4 e6 2. d3 d5 3. Nd2 Nf6 4. Ngf3 c5 5. g3 Nc6 6. Bg2 Be7 7. O-O O-O 8. Re1
Qc7 9. e5 Nd7 10. Qe2 f6 11. exf6 Nxf6 12. Nf1 Bd7 13. Bf4 Bd6 14. Bxd6 Qxd6
15. c3 Rae8 16. Ne5 Nxe5 17. Qxe5 Qb6 18. Qe2 e5 19. Ne3 Be6 20. Qc2 Re7 21.
Rad1 Rd8 22. Rd2 Qc7 23. Qa4 b6 24. Qh4 d4 25. Nc4 Bd5 26. Bxd5+ Rxd5 27. Na3
a6 28. c4 Rd8 29. Rde2 Rde8 30. Nb1 Re6 31. Nd2 R8e7 1/2-1/2

[Event "IV Festival Internacional DUCHAMP in RI"]
[Site "Hotel South American, Copacab"]
[Date "2022.12.12"]
[Round "7.35"]
[White "Hubner, Jessica Trindade"]
[Black "Moccero, Eduardo"]
[Result "1/2-1/2"]
[WhiteElo "1706"]
[BlackElo "1870"]
[Annotator "carev"]
[PlyCount "119"]
[EventDate "2022.12.07"]

1. e4 Nc6 2. d4 d5 3. e5 Bf5 4. c3 Qd7 5. f4 e6 6. Bd3 Nh6 7. Ne2 O-O-O 8. b4
f6 9. O-O fxe5 10. fxe5 Be7 11. Ng3 Bxd3 12. Qxd3 Rdf8 13. Nd2 Qe8 14. Nf3 Nf5
15. Ne2 h6 16. a4 g5 17. a5 g4 18. Nd2 Nh4 19. b5 Nb8 20. b6 Rxf1+ 21. Nxf1
cxb6 22. axb6 a6 23. c4 dxc4 24. Qxc4+ Qc6 25. Qxc6+ Nxc6 26. Ne3 h5 27. Bb2
Rf8 28. Rc1 Bg5 29. Rc3 Nf5 30. Nxf5 Rxf5 31. Ng3 Rf7 32. Nxh5 Kb8 33. Ba3 Be7
34. Rd3 Bb4 35. Bxb4 Nxb4 36. Rg3 Nd5 37. Rxg4 Nxb6 38. Nf6 a5 39. Rg3 Rc7 40.
Ra3 a4 41. Kf2 Rc4 42. Ke3 Rc2 43. Kf3 Rd2 44. h4 Rxd4 45. g4 Nd7 46. Ra2 Nxe5+
47. Kg3 b5 48. h5 Nf7 49. Kf3 Kc8 50. Ne4 Kd8 51. g5 Ke8 52. g6 Nh6 53. Kf4 Kf8
54. Ke5 Rd5+ 55. Kxe6 Rxh5 56. Rf2+ Kg7 57. Rg2 Rh4 58. Nf6 Ng8 59. Nxg8 (59.
Ne8+ Kh8 60. Nd6 a3 61. Nxb5 Kg7) 59... Kxg8 60. Kd6 1/2-1/2